| 000 | 00807nam a2200265 a 4500 | ||
|---|---|---|---|
| 003 | MX-MxUPN | ||
| 005 | 20240911064108.0 | ||
| 008 | 200205t2009 mx r 000 0 spa d | ||
| 020 | _a9786070210075 | ||
| 035 | _aUPN01000235334 | ||
| 040 |
_aMX-MxUPN _bspa _cMX-MxUPN |
||
| 041 | 0 | _aspa | |
| 050 | 1 | 4 |
_aHM891 _bE34 2009 |
| 100 | 1 |
_aEcheverría, Bolívar _938252 |
|
| 245 | 1 | 0 | _a¿Qué es la modernidad? |
| 250 | _aPrimera edición. | ||
| 260 |
_aMéxico, D.F. : _bUniversidad Nacional Autónoma de México, _c©2009. |
||
| 300 | _a69 páginas | ||
| 490 | 0 |
_aCuadernos del Seminario Modernidad : Versiones y Dimensiones ; _v1 |
|
| 650 | 4 |
_aCambio social _94887 |
|
| 650 | 4 |
_aCivilización moderna _ySiglo XX _97470 |
|
| 902 | _aVíctor Ruiz/090223 | ||
| 942 |
_2lcc _cLIBRO |
||
| 999 |
_c207429 _d207429 |
||